Gazetteer of India: Indian union Vol 3; economic structure and activities (Record no. 172101)
[ view plain ]
| 000 -LEADER | |
|---|---|
| fixed length control field | 00626nam a2200217Ia 4500 |
| 003 - CONTROL NUMBER IDENTIFIER | |
| control field | OSt |
| 005 - DATE AND TIME OF LATEST TRANSACTION | |
| control field | 20230511164459.0 |
| 008 - FIXED-LENGTH DATA ELEMENTS--GENERAL INFORMATION | |
| fixed length control field | 210423s1975 xx 000 0 und d |
| 040 ## - CATALOGING SOURCE | |
| Transcribing agency | AL |
| 041 ## - LANGUAGE CODE | |
| Language code of text/sound track or separate title | eng |
| 082 ## - DEWEY DECIMAL CLASSIFICATION NUMBER | |
| Classification number | 910.3 |
| Edition number | 23 |
| Item number | GOVG |
| 100 ## - MAIN ENTRY--PERSONAL NAME | |
| Personal name | GOVERNMENT OF India |
| 9 (RLIN) | 103995 |
| 245 ## - TITLE STATEMENT | |
| Title | Gazetteer of India: Indian union Vol 3; economic structure and activities |
| 260 ## - PUBLICATION, DISTRIBUTION, ETC. | |
| Place of publication, distribution, etc. | ND |
| Name of publisher, distributor, etc. | Government Of India |
| Date of publication, distribution, etc. | 1975 |
| 300 ## - PHYSICAL DESCRIPTION | |
| Extent | 1278 |
| Other physical details | HB |
| 365 ## - TRADE PRICE | |
| Price amount | 90 |
| Currency code | INR |
| 440 ## - SERIES STATEMENT/ADDED ENTRY--TITLE | |
| Volume/sequential designation | 2 |
| 650 ## - SUBJECT ADDED ENTRY--TOPICAL TERM | |
| Topical term or geographic name entry element | Geography |
| 9 (RLIN) | 103996 |
| 906 ## - LOCAL DATA ELEMENT F, LDF (RLIN) | |
| a | activities ; economic ; Gazetteer ; India: ; Indian ; structure ; union ; Vol |
| 942 ## - ADDED ENTRY ELEMENTS (KOHA) | |
| Source of classification or shelving scheme | Dewey Decimal Classification |
| Koha item type | Book |
| Withdrawn status | Lost status | Damaged status | Not for loan | Collection code | Home library | Current library | Date acquired | Cost, normal purchase price | Total Checkouts | Full call number | Barcode | Date last seen | Price effective from | Koha item type |
|---|---|---|---|---|---|---|---|---|---|---|---|---|---|---|
| MSW | St Aloysius PG Library | St Aloysius PG Library | 11/28/2001 | 90.00 | 910.3 GOVG | PG018639 | 08/24/2022 | 04/26/2021 | Reference |